00672 2200253 4500001002100000005001500021035002000036007000300056008004100059020002200100082001000122084001600132100001700148245006300165260003800228300004200266650002000308700001600328520003000344990001100374990001100385990001100396990001100407INLIS00000000000320520220310031046 a0010-0219000147ta220310 0 ind  a978-602-0862-06-4 a616.6 a616.6 SOF s0 aSOFI, Ariani1 aStop! Gagal Ginjal /cSofi Ariani; penyunting, Abd. Kholiq aYogyakarta :bIstana Media,c2016 aviii, 220 hlm :bilus ;c17,5 x 24 cm 4aPENYAKIT.GINJAL0 aKHOLIQ, Abd aBibliografi: hlm. 215-218 a6528 a a6528 b a5650 c a5650 D